000 00867nam a2200253 i 4500
001 15724
003 ES-MaACL
005 20250728062556.0
007 t|
008 000504s1999 sp ||||0| spa j
020 _a84-88973-86-1
040 _aM-BN
_bspa
_cM-BN
080 _a340.134
245 0 0 _aSeguridad jurídica y codificación.
260 _a[Madrid] :
_bCentro de Estudios Registrales,
_c[1999]
300 _a144 p. ;
_c23 cm.
490 1 _aMonografías
650 1 4 _aDerecho-
_xCodificación.
_911608
710 2 _aColegio de Registradores de la Propiedad y Mercantiles de España.
_bCentro de Estudios Registrales.
_9162314
730 0 _aMonografías (Centro de Estudios Registrales)
_9179814
830 0 0 _aMonografías (Centro de Estudios Benaventanos "Ledo del Pozo")
_9177262
852 _aES-MaACL
_jL-23025
_bR.127188
999 _c15724
_d15724